[Event "11th Chennai Open-GM 2019"]
[Site "Chennai"]
[Date "2019.01.18"]
[Round "1"]
[White "Sathyanarayanan, S.."]
[Black "Akash G"]
[Result "0-1"]
[WhiteElo "1571"]
[BlackElo "2453"]
[Annotator "TA"]
[PlyCount "94"]
[EventDate "2019.01.18"]
[EventType "swiss"]
[EventCountry "IND"]
[SourceTitle "playchess.com"]
[Source "ChessBase"]
[SourceQuality "1"]

{[%evp 17,94,2,0,-22,-22,-33,-25,-30,-6,-43,-45,-75,-49,-55,-60,-79,-43,-88,-83,-112,-104,-112,-112,-140,-141,-136,-112,-122,-106,-158,-116,-120,-116,-117,-101,-126,-123,-127,-125,-118,-111,-91,-65,-156,-158,-149,-124,-182,-184,-175,-161,-296,-297,-296,-289,-313,-194,-191,-177,-420,-420,-410,-408,-555,-550,-1064,-483,-451,-458,-480,-473,-535,-506,-668,-666,-665,-607,-577,-533]} 1. d4 Nf6 2. g3 e6 3. Bg2 c5 4. e3 Nc6 5. Nf3 d5 6. O-O Be7 7. b3 O-O 8. Bb2 b5 {D02: 1 d4 d5 2 Nf3 sidelines, including 2...Nf6 3 g3 and 2...Nf6 3 Bf4} (8... cxd4 9. Nxd4 Bd7 10. Nd2 Rc8 11. c4 Nxd4 12. Bxd4 Bc6 13. Rc1 dxc4 14. Rxc4 Bxg2 15. Kxg2 b5 16. Rxc8 Qxc8 17. Bxf6 Bxf6 {1-0 (34) Vachier Lagrave,M (2779)-Dominguez Perez,L (2739) chess.com INT 2018}) 9. dxc5 Bxc5 {LiveBook: 6 Games} 10. Nd4 Nxd4 {The position is equal.} 11. exd4 Bd6 12. Nd2 Rb8 13. a4 $146 ({Predecessor:} 13. a3 a5 14. c3 Qc7 {1-0 (32) Hrdina,R (2007)-Havlik,J (2158) Hrdonov 2012}) 13... b4 14. Qe2 Rb6 {Threatens to win with ...Ba6.} 15. Rfc1 Ba6 $36 {[%mdl 2048] White is under pressure.} 16. Qf3 Qb8 17. Bf1 Bxf1 18. Nxf1 Ne4 19. Qd3 Rc8 20. f3 Nf6 21. Re1 Rbc6 22. Re2 Bf8 23. Kg2 (23. Ne3 $142) 23... g6 24. Bc1 Rc3 25. Qd1 Ne8 {[%cal Bf6e8,Be8d6,Bd6b7,Bb7c5,Bc5b3][%mdl 32]} 26. Bf4 Qb6 27. Rc1 Bg7 28. Rd2 Nd6 29. g4 Nb7 30. Rd3 ({White should try} 30. Ng3 $1 $15) 30... Rxd3 $17 31. cxd3 Re8 32. Be5 (32. Bc7 $17 {is a better defense.} Qxd4 33. Bg3) 32... Bxe5 $1 $19 33. dxe5 Qd4 34. Qe2 (34. Qc2 {was worth a try.}) 34... Nc5 35. Qe3 Nxb3 36. Rc7 Qxe3 37. Nxe3 {[%mdl 4096] Endgame KRN-KRN} Nd4 38. Rxa7 $2 {[#]} (38. Nd1) 38... Rb8 $1 39. Nd1 {[#]} b3 $1 40. a5 b2 {Black is clearly winning.} 41. Nc3 b1=Q (41... Nb5 $142 42. Nb1 Nxa7) 42. Nxb1 {intending Nc3.} Rxb1 {KRN-KR} 43. a6 Ra1 44. Ra8+ Kg7 45. g5 Nc6 46. f4 Nb4 47. a7 {If only White now had time for Rb8....} Nc6 {Precision: White = 35%, Black = 57%.} 0-1

[Event "11th Chennai Open-GM 2019"]
[Site "Chennai"]
[Date "2019.01.18"]
[Round "1"]
[White "Adireddy Arjun"]
[Black "Shyaamnikhil P"]
[Result "0-1"]
[WhiteElo "1568"]
[BlackElo "2446"]
[Annotator "TA"]
[PlyCount "112"]
[EventDate "2019.01.18"]
[EventType "swiss"]
[EventCountry "IND"]
[SourceTitle "playchess.com"]
[Source "ChessBase"]
[SourceQuality "1"]

{[%evp 14,111,19,0,0,-32,-31,-35,-31,-35,-39,-98,-97,-150,-62,-82,-64,-60,-58,-68,-57,-52,-57,-62,-47,-104,-101,-105,-97,-127,-111,-119,-116,-130,-131,-137,-108,-144,-140,-145,-121,-150,-143,-159,-156,-178,-177,-264,-266,-273,-266,-272,-270,-263,-265,-335,-320,-570,-556,-686,-674,-677,-663,-757,-752,-806,-797,-945,-889,-952,-997,-1351,-1355,-2368,-2289,-29969,-29970,-6320,-6340,-29978,-29972,-6655,-6655,-12810,-5745,-29991,-29992,-29992,-29993,-29993,-29993,-29995,-29996,-29997,-29996,-29997,-29998,-29998,-29999,-29999]} 1. e4 c5 2. Nf3 d6 3. d4 cxd4 4. Nxd4 Nf6 5. Nc3 a6 6. Be3 e5 7. Nf3 Qc7 8. h3 {LiveBook: 7 Games. B90: Sicilian Najdorf: Unusual White 6th moves, 6 Be3 Ng4 and 6 Be3 e5} (8. a4 h6 9. a5 Be6 10. Nd5 Nxd5 11. exd5 Bf5 12. c4 Nd7 13. Be2 Be7 14. O-O O-O 15. b4 Bh7 16. Rc1 Rac8 17. Qb3 Kh8 18. Nd2 {1-0 (53) Karthikeyan,M (2609)-Fedoseev,V (2707) Abu Dhabi 2018}) 8... Be7 9. Qd2 b5 10. a3 {Black is slightly better.} Bb7 11. Bd3 Nbd7 12. O-O-O $146 (12. Bg5 $15) ({Predecessor:} 12. Bg5 h6 13. Bxf6 Nxf6 14. Nh4 O-O 15. Nf5 Rfe8 {1-0 (79) Papastavropoulos,A (2305)-Nikolaidis,K (2340) Chalkida 1997}) 12... Nc5 $17 {[%cal Rc5e4]} 13. Bxc5 ({Better is} 13. Rhe1) 13... Qxc5 ({Black should try} 13... dxc5 $17 14. Qg5 {[%mdl 64] Double Attack} c4) 14. Rhe1 Rc8 15. g4 O-O 16. Kb1 Rb8 17. Qe3 Qxe3 18. Rxe3 Bd8 19. Nd5 (19. Bf1 $15) 19... Nxd5 20. exd5 g6 21. Ne1 Bb6 22. Re2 Rbc8 23. Red2 Kg7 24. c3 Rc5 ({Much less strong is} 24... Bxd5 25. Bxg6 hxg6 26. Rxd5 $15) 25. Be2 Rc7 26. f3 f5 27. Nc2 h5 28. g5 {[#]} h4 $1 29. Bf1 Rh8 30. Re1 (30. Nb4 $142) 30... Rh5 $19 31. Rg2 Bxd5 32. Be2 Bb7 33. Rd1 Rd7 34. c4 bxc4 {[%mdl 64] [#] Overworked Piece} 35. Bxc4 $2 (35. Nb4) 35... Bxf3 {[%mdl 64] Double Attack} 36. Rgd2 Bxd1 37. Rxd1 a5 38. Bb5 Rd8 39. b4 Rxg5 40. bxa5 Bxa5 41. Rd3 Rg3 {And now ...Rb8 would win.} 42. Rd5 Rxh3 43. a4 Rg3 44. Ka2 h3 45. Rd1 h2 46. Rh1 Rg2 47. Kb3 Rc8 48. Nb4 Rg3+ 49. Nd3 Rc3+ {Black mates.} 50. Kb2 Rg2+ 51. Kb1 Rg1+ 52. Rxg1 hxg1=Q+ 53. Ka2 Qg2+ 54. Ka1 Qc2 {[%cal Rc3a3]} 55. Nb4 Ra3+ 56. Na2 Qc1# {Accuracy: White = 32%, Black = 79%.} ({Black should play} 56... Rxa2#) 0-1

[Event "11th Chennai Open-GM 2019"]
[Site "Chennai"]
[Date "2019.01.19"]
[Round "2"]
[White "Rozum, Ivan"]
[Black "Rajarishi Karthi"]
[Result "1-0"]
[WhiteElo "2589"]
[BlackElo "2075"]
[Annotator "TA"]
[PlyCount "79"]
[EventDate "2019.01.18"]
[EventType "swiss"]
[EventCountry "IND"]
[SourceTitle "playchess.com"]
[Source "ChessBase"]
[SourceQuality "1"]

{[%evp 20,79,16,-89,-92,-82,-67,-84,-95,-177,-177,-162,-154,-162,-43,-26,-36,-30,-42,-36,-28,0,0,0,0,0,0,0,0,0,0,0,0,0,31,0,24,-58,0,0,0,0,204,204,179,176,441,438,528,483,615,595,1039,1034,1904,2008,1857,1675,29984,5679,29979,29980]} 1. d4 d5 2. c4 e6 3. Nc3 Nf6 4. cxd5 exd5 5. Bg5 Be7 6. e3 c6 7. Bd3 O-O 8. Qc2 h6 9. Bh4 Re8 10. Nge2 Nbd7 {[%cal Bb8d7,Bd7b6,Bb6c4,Bc4b2][%mdl 32]} 11. O-O-O {LiveBook: 4 Games} (11. a3 $11 {keeps the balance.}) 11... b5 $17 {D36: Queen's Gambit Declined: Exchange Variation: Main line (5 Bg5 c6 6 Qc2)} 12. Kb1 a5 {[%cal Ba7a5,Ba5a4][%mdl 32]} 13. f3 (13. Rdg1 b4 14. Na4 Ba6 15. Bxa6 Rxa6 16. g4 Ne4 17. Bxe7 Qxe7 18. Nf4 Nb6 19. Nc5 Nxc5 20. dxc5 {½-½ (32) Milanovic,D (2506)-Cvetkovic,S (2332) Vrnjacka Banja 2014}) 13... Nb6 {Black is better.} 14. Bf2 (14. Bg3 $17) 14... a4 $146 ({Predecessor:} 14... Ba6 15. g4 a4 16. g5 hxg5 17. h4 g4 18. Rdg1 b4 19. Bxa6 Rxa6 {0-1 (28) Vassiliev,G (2253)-Nam,K (2134) Novosibirsk 2001}) 15. a3 b4 16. axb4 Ba6 ({Black should try} 16... Bxb4 $19 17. Na2 Bf8) 17. Bxa6 $15 Rxa6 18. Na2 $1 Nc4 {Threatens to win with ...Qb8.} 19. Nec1 a3 20. b3 Nb2 21. Rdg1 Qb8 22. g4 Bxb4 23. h4 {g5 is the strong threat.} Nd7 24. g5 h5 25. g6 f6 26. Ka1 Qb5 27. e4 c5 28. exd5 (28. dxc5 $1 $11 dxe4 29. Nxb4 Qxb4 30. Re1) 28... cxd4 ({Better is} 28... c4 $1 $15 29. Nxb4 Qxb4) 29. Nxb4 $11 Qxb4 30. Re1 $36 {[%mdl 2048] Black is under pressure.} Ne5 $2 {[#]} (30... Rd8 $11) 31. f4 $1 $18 {[%cal Rf4e5]} d3 32. Qc7 {[%mdl 64] Pin} Qe7 $2 ({Inferior is} 32... Qxf4 {[#]} 33. Qf7+ $1 {[%mdl 512]} Nxf7 34. Rxe8#) (32... Qb8 33. Qxb8 Rxb8 34. fxe5 d2) 33. Qc3 {[%mdl 64] Pin} ({Weaker is} 33. Qxe7 Rxe7 34. fxe5 d2 $18) 33... Qb7 {Hoping for ...Rc8.} 34. fxe5 fxe5 35. Nxd3 Rxg6 36. Nxe5 Rf6 37. Nc6 Rxe1+ 38. Rxe1 Nd1 39. Rxd1 (39. Re8+ $142 Kh7 40. Qc2+ g6 41. Bd4 Ne3 42. Rxe3 Rf7 43. Re6 Rg7 44. Ka2) 39... Rxf2 40. d6 {Accuracy: White = 66%, Black = 43%.} 1-0

[Event "11th Chennai Open-GM 2019"]
[Site "Chennai"]
[Date "2019.01.19"]
[Round "2"]
[White "Paichadze, Luka"]
[Black "Shiva Pavan Teja Sharma U"]
[Result "1-0"]
[WhiteElo "2583"]
[BlackElo "2048"]
[Annotator "TA"]
[PlyCount "90"]
[EventDate "2019.01.18"]
[EventType "swiss"]
[EventCountry "IND"]
[SourceTitle "playchess.com"]
[Source "ChessBase"]
[SourceQuality "1"]

{[%evp 23,90,-39,-29,-36,-38,-37,-45,-35,-34,-52,-53,-51,0,0,0,-18,-8,-7,0,-2,-15,-20,0,0,0,0,0,-11,0,-5,0,0,0,0,0,0,0,0,1061,1074,1024,892,889,891,852,802,713,705,637,376,365,54,54,0,0,0,32,0,0,0,0,0,0,0,0,0,33,33,94]} 1. e4 c6 2. d4 d5 3. e5 Bf5 4. h4 h5 5. c4 dxc4 6. Bxc4 e6 7. Nc3 Ne7 8. Bg5 Nd7 9. Nge2 {B12: Caro-Kann: Advance Variation} f6 (9... Nb6 10. Bb3 Qd7 11. Qd2 Ned5 12. Rd1 Be7 13. Ng3 Bg6 14. Bxe7 Qxe7 15. Nce4 O-O-O 16. Nd6+ Kb8 {½-½ (43) McShane,L (2674)-Shimanov,A (2593) Las Vegas 2015}) 10. exf6 gxf6 11. Be3 Nb6 12. Bd3 Qd7 {LiveBook: 5 Games} 13. O-O O-O-O 14. Ng3 Bxd3 15. Qxd3 Ned5 16. Rfe1 $146 ({Predecessor:} 16. Rac1 Nxe3 17. fxe3 {0-1 (30) Nayhebaver,M (2144)-Michalik,P (2508) Slovakia 2012}) 16... Be7 17. a4 f5 18. a5 Nb4 19. Qe2 N6d5 20. Nxd5 Nxd5 21. Bd2 Bxh4 22. a6 Bxg3 23. axb7+ Kxb7 24. fxg3 Nc7 25. Be3 Nb5 {Black wants to play ...h4.} 26. Bf2 Rde8 27. Qc4 Rhg8 {[%cal Bh8g8,Bg8g4,Bg4e4][%mdl 32]} 28. Re5 Rg4 29. Ra5 Re4 30. Rc5 {Black must now prevent Rxc6!} e5 $2 {[%mdl 8192] [#]} (30... Rc8 $11) 31. Rxc6 $1 $18 {[%mdl 512]} Nxd4 (31... Qxc6 32. Rxb5+) 32. Rc7+ Qxc7 {[#]} 33. Rxa7+ $1 {[%mdl 512]} Kxa7 34. Qxc7+ Ka8 35. b4 Rb8 36. Kh2 Rb7 37. Qa5+ $2 (37. Qc8+ $18 Ka7 38. Qxf5) 37... Kb8 $14 38. Bxd4 ({White should try} 38. Qd8+ $14 Ka7 39. Bxd4+ exd4 40. Qa5+ Kb8 41. Qxf5) 38... exd4 $11 39. Qxf5 $14 {[%mdl 4096] Endgame KQ-KRR} Rbe7 40. Qb5+ Rb7 41. Qd5 Rg4 42. b5 Rbg7 43. Qxh5 R4g5 44. Qh4 {Threatens to win with Qf4+.} Kb7 (44... Rg4 $5 {[%cal Rg4h4]} 45. Qd8+ Kb7 $14) 45. Qxd4 {And now Qe4+ would win.} Kb8 {Precision: White = 63%, Black = 59%.} ({Better is} 45... Rh7+ $14 46. Kg1 Rc7 47. Qe4+ Kb6) 1-0

[Event "11th Chennai Open-GM 2019"]
[Site "Chennai"]
[Date "2019.01.19"]
[Round "2"]
[White "Erigaisi Arjun"]
[Black "Md.abzid, Rahman"]
[Result "1-0"]
[WhiteElo "2548"]
[BlackElo "2040"]
[Annotator "TA"]
[PlyCount "73"]
[EventDate "2019.01.18"]
[EventType "swiss"]
[EventCountry "IND"]
[SourceTitle "playchess.com"]
[Source "ChessBase"]
[SourceQuality "1"]

{[%evp 23,73,31,47,40,56,58,74,67,67,71,82,60,60,57,48,32,42,11,27,10,47,36,60,29,94,10,25,13,29,27,14,0,16,17,18,27,37,44,47,32,47,44,82,70,190,196,702,691,711,737,735,723]} 1. d4 Nf6 2. Nf3 e6 3. Bg5 d5 4. Nbd2 Nbd7 5. e4 dxe4 6. Nxe4 Be7 7. Nxf6+ Nxf6 8. Bd3 O-O 9. Qe2 c5 10. dxc5 Qa5+ 11. c3 Qxc5 12. O-O Bd7 {LiveBook: 8 Games} 13. Ne5 {Black must now prevent Bxf6. C10: French with 3 Nc3: Unusual Black 3rd moves and 3...dxe4} (13. Bxf6 Bxf6 14. Bxh7+ Kxh7 15. Qd3+ Kg8 16. Qxd7 b5 17. Qd2 Rfd8 18. Qe2 a5 19. Rad1 b4 20. c4 a4 21. Qc2 a3 {1-0 (57) Yu,Y (2651)-Cao,S (2514) Jakarta 2012}) 13... Be8 14. Rad1 Nd5 15. Bc1 $146 {White is better.} ({Predecessor:} 15. Bxe7 Qxe7 16. Bc2 f6 17. Nf3 Nf4 18. Qc4 Ng6 19. Nd4 Bf7 20. Bxg6 hxg6 {0-1 (33) Skovgaard,T-Moloney,N (2120) Copenhagen 1998}) 15... f6 16. Nf3 Bf7 17. Nd4 Qb6 18. Rfe1 {[%cal Rd4e6]} Bc5 19. Nb3 Bd6 20. c4 Nb4 $1 21. Bb1 {And now Be3 would win.} Qc7 (21... Rfd8 {looks sharper.} 22. Qe4 f5 23. Qe2 Be7 24. Be3 Qc7) 22. h3 Rfe8 23. Nd4 {Strongly threatening Nb5.} a6 (23... Rad8 $11) 24. b3 (24. a3 $16) 24... Rad8 25. Bb2 e5 26. Nf5 Bf8 27. h4 Nc6 28. Qg4 Kh8 29. h5 Rxd1 30. Qxd1 Rd8 31. Qf3 Bb4 32. Rf1 Rd2 {[#]} 33. Bc1 $1 {[%cal Rc1d2]} Nd4 {[#]} (33... Rd7 $14) 34. Qg4 $1 $40 {[%csl Gf5][%cal Rg4g7][%mdl 128] White has strong attack.} Ne2+ $2 (34... Be6) 35. Kh1 {[%csl Gf5][%cal Rg4g7] White is clearly winning.} Bxh5 36. Qxh5 {Qe8+ would kill now.} g6 37. Qh4 {Precision: White = 61%, Black = 33%.} 1-0

[Event "11th Chennai Open-GM 2019"]
[Site "Chennai"]
[Date "2019.01.19"]
[Round "2"]
[White "Stupak, Kirill"]
[Black "Parthasarathy, R."]
[Result "1-0"]
[WhiteElo "2542"]
[BlackElo "2035"]
[Annotator "TA"]
[PlyCount "85"]
[EventDate "2019.01.18"]
[EventType "swiss"]
[EventCountry "IND"]
[SourceTitle "playchess.com"]
[Source "ChessBase"]
[SourceQuality "1"]

{[%evp 18,85,21,12,30,29,52,8,23,-33,0,0,40,38,38,47,47,19,54,7,17,20,25,29,39,11,33,0,8,18,21,0,0,0,0,0,33,26,9,7,11,11,20,15,4,0,31,32,45,0,44,35,46,0,56,58,126,106,213,82,684,679,689,586,810,792,738,675,558,536]} 1. d4 d6 2. g3 g6 3. Bg2 Bg7 4. e4 Nf6 5. Nc3 O-O 6. Nge2 e5 7. O-O Nc6 8. dxe5 Nxe5 9. h3 Re8 10. b3 {LiveBook: 5 Games. B07: Pirc Defence: Miscellaneous Systems} a5 $146 ({Predecessor:} 10... Bd7 11. Bb2 b5 12. Nf4 Bc6 13. Re1 b4 14. Ncd5 Nxd5 15. exd5 Bd7 16. Rb1 Qc8 17. Kh2 Qa6 {0-1 (84) McShane,L (2640)-Onischuk,V (2637) Riadh 2017}) 11. Be3 Rb8 12. a4 {White is slightly better.} b6 13. f3 ({White should play} 13. Nf4 $11) 13... Bb7 14. Qd2 Ned7 15. g4 Nc5 16. Rad1 Qe7 17. Nf4 c6 18. Rfe1 Rbd8 19. Bf2 Nfd7 20. Nfe2 Nf6 21. Ng3 Qc7 22. g5 Nfd7 23. f4 Nf8 24. Bd4 Bxd4+ 25. Qxd4 d5 26. e5 Bc8 27. Qf2 Nfe6 28. h4 Ng7 29. Nce2 Nf5 30. Nxf5 Bxf5 31. Ng3 Ne4 32. Bxe4 dxe4 33. Qe2 Rxd1 34. Rxd1 Rd8 35. Kf2 Rd5 (35... b5 $11) 36. c4 $1 $36 {[%cal Rc4d5][%mdl 2048] White fights for an advantage.} Rxd1 (36... Rd7 $14) 37. Qxd1 $16 Qe7 {[#]} (37... Qc8 $16) 38. Qd4 (38. Qd6 $1 $18 {[%cal Rd6e7]} Qxd6 39. exd6) 38... Qc5 $2 {[%mdl 8192]} (38... h5 $16) 39. Qxc5 $18 {White is clearly winning.} bxc5 40. Ke3 h5 41. gxh6 Kh7 42. h5 {[%cal Bh4h5,Bh5g6][%mdl 32]} Kxh6 43. hxg6 {Accuracy: White = 54%, Black = 41%.} 1-0

[Event "11th Chennai Open-GM 2019"]
[Site "Chennai"]
[Date "2019.01.19"]
[Round "2"]
[White "Megaranto, Susanto"]
[Black "Anilkumar, O.T."]
[Result "1-0"]
[WhiteElo "2530"]
[BlackElo "2022"]
[Annotator "TA"]
[PlyCount "49"]
[EventDate "2019.01.18"]
[EventType "swiss"]
[EventCountry "IND"]
[SourceTitle "playchess.com"]
[Source "ChessBase"]
[SourceQuality "1"]

{[%evp 19,49,52,76,51,51,51,114,108,112,105,124,93,472,416,449,93,677,685,684,681,649,607,660,656,732,720,771,763,1235,1235,1300,1292]} 1. d4 g6 2. e4 Bg7 3. Nf3 c6 4. Nc3 d5 5. h3 Nh6 6. Bd3 f6 7. Ne2 {B15: Caro-Kann: 3 Nc3: 3...g6 and 3...dxe4 4 Nxe4 Nf6 5 Nxf6+ exf6} Nf7 8. exd5 cxd5 9. c4 e6 10. O-O O-O {LiveBook: 7 Games} 11. Nc3 Nc6 12. Re1 a6 $146 (12... Ng5 $14) ({Predecessor:} 12... Kh8 13. cxd5 exd5 14. Qb3 Ng5 15. Nxg5 fxg5 16. Be3 Nxd4 17. Qxd5 Qxd5 18. Nxd5 {½-½ (28) Fressinet,L (2536)-Baklan,V (2599) Brussels 2000}) 13. cxd5 $16 exd5 14. Qb3 f5 15. Nxd5 {Black must now prevent Bd2.} Nxd4 $2 {[%mdl 8192] [#]} (15... b5 $16 {is more resistant.}) 16. Nxd4 $18 Bxd4 17. Re7 $2 (17. Bc4 $18) 17... Kh8 $2 {[%mdl 8192]} (17... Bc5 $16 18. Re2 b5) 18. Bf4 {White is clearly winning.} Bd7 {next ...Bc6 is good for Black.} 19. Qb4 Bg7 {[#] Threatens to win with ...Bc6.} 20. Qxb7 Be8 21. Rae1 Qc8 22. Qb3 Qc5 23. Nc7 {[%cal Bd5c7,Bc7e8,Be8g7][%mdl 32]} Rd8 24. Nxe8 Qd4 25. Nxg7 {Accuracy: White = 60%, Black = 27%.} 1-0

[Event "11th Chennai Open-GM 2019"]
[Site "Chennai"]
[Date "2019.01.19"]
[Round "2"]
[White "Vignesh N R"]
[Black "Darpan, Inani"]
[Result "1-0"]
[WhiteElo "2461"]
[BlackElo "2016"]
[Annotator "TA"]
[PlyCount "67"]
[EventDate "2019.01.18"]
[EventType "swiss"]
[EventCountry "IND"]
[SourceTitle "playchess.com"]
[Source "ChessBase"]
[SourceQuality "1"]

{[%evp 22,67,38,22,31,12,12,0,0,0,0,0,3,6,19,2,8,10,87,88,91,83,91,92,97,95,86,87,78,86,97,97,89,76,133,133,133,131,110,-237,335,331,330,322,269,0,1558,1468]} 1. e4 c5 2. Nf3 d6 3. d4 cxd4 4. Nxd4 Nf6 5. Nc3 a6 6. h3 {[%cal Bh2h3,Bh3h4,Bh4h5,Bh5h6][%mdl 32]} e6 7. g4 {[%cal Bg2g4,Bg4g5][%mdl 32]} Nfd7 {B81: Sicilian Scheveningen: Keres Attack} (7... h6 8. Bg2 g5 9. Be3 Nbd7 10. Qe2 Ne5 11. O-O-O Nfd7 12. h4 Rg8 13. hxg5 hxg5 14. Kb1 b5 15. f4 gxf4 16. Bxf4 Bb7 {½-½ (56) Karjakin,S (2773)-Mamedyarov,S (2801) Saint Louis 2018}) 8. g5 Be7 9. Be3 b5 10. a3 Bb7 11. h4 Nc6 12. Nxc6 {LiveBook: 19 Games} Bxc6 13. Rg1 Rb8 14. Qd4 O-O 15. h5 a5 $146 16. h6 {[%csl Gh6][%cal Rd4g7]} e5 $1 {[%cal Re5d4]} 17. Qd2 $36 {[%mdl 2048] White fights for an advantage.} g6 $1 18. Nd5 Bxd5 19. Qxd5 b4 (19... Nb6 $11 {remains equal.} 20. Qxb5 Na8) 20. axb4 $16 axb4 21. Rg3 Ra8 22. Rxa8 Qxa8 23. Qxa8 Rxa8 24. Bc4 $1 Nc5 25. Bd5 Rb8 26. Kd2 Ne6 27. Rg1 Kf8 (27... Nf4 $142) 28. Bxe6 fxe6 {[%mdl 4096] Endgame [#] KRB-KRB} 29. Ra1 $1 d5 {...d4 is the strong threat.} 30. Ra5 $2 {[%mdl 8192]} (30. Kd3 $16 {stays on course.}) 30... Rd8 $4 {[%mdl 8192] [#]} (30... d4 $19 {and life is good for Black.} 31. Bxd4 exd4) 31. Bc5 $1 $18 {[%cal Rc5e7]} Rd7 32. Ra8+ Kf7 33. Rh8 $2 (33. Bxe7 $18 Kxe7 34. Rb8) 33... Bxc5 $4 {[%mdl 8192]} ({But not} 33... dxe4+ $2 34. Ke2 $18) (33... Bxg5+ $11 34. Kd3 Kf6) 34. Rxh7+ {Accuracy: White = 64%, Black = 44%.} 1-0

[Event "11th Chennai Open-GM 2019"]
[Site "Chennai"]
[Date "2019.01.19"]
[Round "2"]
[White "Akash G"]
[Black "Dinesh Kumar Jaganathan"]
[Result "1-0"]
[WhiteElo "2453"]
[BlackElo "2005"]
[Annotator "TA"]
[PlyCount "83"]
[EventDate "2019.01.18"]
[EventType "swiss"]
[EventCountry "IND"]
[SourceTitle "playchess.com"]
[Source "ChessBase"]
[SourceQuality "1"]

{[%evp 16,83,26,22,25,31,41,41,54,45,42,42,67,37,45,22,29,32,37,16,6,0,12,15,5,0,18,22,45,-13,2,0,16,6,25,0,462,456,441,457,444,443,482,475,504,518,581,578,571,549,735,719,666,581,881,833,2150,1758,29976,29976,29964,29965,29986,29987,29987,29988,29988,29989,29989,29990]} 1. Nf3 Nf6 2. d4 g6 3. Bg5 d5 4. Nbd2 Bg7 5. e3 O-O 6. Bd3 c5 7. c3 cxd4 8. exd4 Nc6 9. O-O {LiveBook: 36 Games} Bg4 {D03: 1 d4 d5 2 Nf3 Nf6 3 Bg5, including Torre Attack with early ...d5} (9... Bf5 10. Bxf5 gxf5 11. Bxf6 Bxf6 12. Qe2 Qd6 13. Rfe1 Bg7 14. Ne5 Rae8 15. Ndf3 e6 16. Rad1 Ne7 17. Qb5 Rb8 {½-½ (29) Rodrigue Lemieux,S (2250)-Tutisani,N (2471) Manavgat 2018}) 10. h3 Bxf3 11. Nxf3 ({But not} 11. gxf3 Nh5 $15) 11... Qd6 {White is slightly better.} 12. Re1 Rfe8 13. Qd2 $146 ({Predecessor:} 13. Bxf6 Bxf6 14. Bb5 e6 15. Ne5 a6 16. Bxc6 bxc6 17. Qa4 Bxe5 18. dxe5 {½-½ (39) Vaitonis,V (2032)-Stremavicius,T (1791) Plunge 2009}) 13... Nd7 14. Bf4 e5 $1 {[%cal Re5f4]} 15. dxe5 Ndxe5 16. Be2 Rad8 17. Bg5 Bf6 18. Bf4 Qd7 19. Nxe5 Nxe5 20. Be3 b6 21. Rad1 Qc6 22. Qc2 (22. b3 $14) 22... Nc4 23. Bd4 Bxd4 24. Rxd4 Qe6 25. Rdd1 {Bxc4 is the strong threat.} Rd7 $2 {[%mdl 8192]} (25... Qf6 $11 {and Black has nothing to worry.}) 26. Bxc4 $1 $18 {[%mdl 64] [#] Discovered Attack} Qxe1+ 27. Rxe1 Rxe1+ 28. Bf1 Rde7 29. f3 Ra1 {[#] intending ...Ree1.} 30. Kf2 $1 Rxa2 31. Qb1 Ra4 32. b4 a5 33. Qb3 Ra1 34. Qxd5 {Threatens to win with Qd8+.} Re6 35. Bc4 Rf6 36. Qe5 Kg7 37. g4 {White mates.} h6 38. h4 g5 39. hxg5 hxg5 40. Qxg5+ Rg6 41. Qe5+ Kf8 42. Qf4 {Accuracy: White = 74%, Black = 26%.} 1-0

[Event "11th Chennai Open-GM 2019"]
[Site "Chennai"]
[Date "2019.01.19"]
[Round "2"]
[White "Shyaamnikhil P"]
[Black "Nitin Shankar Madhu"]
[Result "1-0"]
[WhiteElo "2446"]
[BlackElo "2001"]
[Annotator "TA"]
[PlyCount "79"]
[EventDate "2019.01.18"]
[EventType "swiss"]
[EventCountry "IND"]
[SourceTitle "playchess.com"]
[Source "ChessBase"]
[SourceQuality "1"]

{[%evp 20,79,28,17,53,52,97,44,58,25,73,75,89,88,118,101,128,128,119,127,132,131,145,146,144,111,112,112,112,105,100,102,124,129,154,151,150,150,148,123,130,116,113,111,181,185,179,177,178,183,225,175,184,187,180,177,171,157,123,103,302,40]} 1. g3 Nf6 2. Bg2 d5 3. Nf3 e6 4. c4 Be7 5. d4 O-O 6. Nc3 dxc4 7. Ne5 Nc6 8. Bxc6 {E06: Closed Catalan: Early deviations} bxc6 9. Nxc6 Qe8 10. Nxe7+ Qxe7 11. Qa4 {LiveBook: 109 Games} Rd8 (11... c5 12. dxc5 Qxc5 13. Be3 Qc7 14. O-O-O Ng4 15. Rd2 Nxe3 16. fxe3 Rb8 17. Rhd1 a5 18. Kb1 h6 19. Ka1 Rb4 {1-0 (49) Caruana,F (2822)-Nakamura,H (2777) Saint Louis 2018}) 12. Qxc4 Rb8 13. a3 $146 ({White should play} 13. b3 $16) ({Predecessor:} 13. b3 Qd6 14. Bf4 Qa3 15. Bxc7 Bb7 16. Bxd8 Bxh1 17. Bxf6 gxf6 {1-0 (33) Teske,H (2536)-Rjabzev,K (2287) Dresden 2013}) 13... Nd5 14. f3 Qd7 15. Kf2 Nb6 16. Qc5 Rb7 17. Be3 Na4 18. Nxa4 Qxa4 19. b4 Bd7 20. Rhc1 Bb5 21. h4 Qb3 22. Qc3 Qxc3 23. Rxc3 Ba4 24. h5 Rd5 25. g4 Kf8 26. Kg3 Ke7 27. Bf2 Rd6 28. Rac1 Kd7 29. e4 Rc6 30. Kf4 {h6 is the strong threat.} Rxc3 31. Rxc3 $16 {[%mdl 4096] Endgame KRB-KRB} h6 (31... Rb5 $16 {was worth a try.} 32. d5 exd5) 32. d5 $18 exd5 33. exd5 a6 34. Bd4 g6 35. Bg7 gxh5 36. gxh5 Rb6 37. Be5 c6 38. d6 Rb8 39. Kf5 Rg8 $2 {[#]} (39... Re8 $16 40. Bf4 Re6) 40. Ke4 $2 {Precision: White = 65%, Black = 52%.} (40. Bf4 $18) 1-0